000 00531nam a2200169Ia 4500
005 20250508151026.0
008 008 250505s9999 xx 000 0 eng d
037 _aTextual
040 _aFEDL
_beng
_cFEDL
041 _aeng
_2eng
084 _a374.2806, IND
_qFEDL
245 0 _aReport of the second national seminar on the organisation of community centres 1951
260 _aDelhi, India
_bIndian Adult Education Association
300 _a97p.
942 _cTEXL
_h374.2806, IND
999 _c1327132
_d1327132